[Event "35th Eastern Open"]
[Site "Washington DC USA"]
[Date "2008.12.28"]
[Round "3"]
[White "Ludwig,Dan"]
[Black "Betaneli,A"]
[Result "1-0"]
[WhiteElo "2400"]
[BlackElo "2318"]

1.d4 d5 2.c4 e6 3.Nc3 Be7 4.Nf3 Nf6 5.Bf4 c5 6.dxc5 Na6 7.e3 Nxc5 8.cxd5 exd5
9.Be2 O-O 10.O-O Be6 11.Rc1 Rc8 12.Qd4 a6 13.Nd2 Bf5 14.Bg3 Nce4 15.Ndxe4 dxe4
16.Qa7 b5 17.Qxa6 Qd2 18.Rfd1 Qxb2 19.Qxb5 Qa3 20.Qxf5 Rxc3 21.Rxc3 Qxc3
22.Qb5 Qc2 23.a4 Rc8 24.Kf1 Qc5 25.Qxc5 Rxc5 26.Ra1 Bd8 27.Bd6 Rf5 28.Rc1 Rd5
29.Bb4 h5 30.Rd1 Rxd1+ 31.Bxd1 Nd5 32.Bd2 g6 33.a5 Nc7 34.Be2 Kf8 35.a6 Ke7
36.a7  1-0

[Event "Open A"]
[Site "Gjovik NOR"]
[Date "2008.12.30"]
[Round "2"]
[White "Mchedlishvili,M"]
[Black "Mamedjarova,T"]
[Result "1-0"]
[WhiteElo "2615"]
[BlackElo "2269"]

1.d4 d5 2.c4 e6 3.Nf3 Nf6 4.Nc3 Be7 5.Bf4 O-O 6.e3 c5 7.dxc5 Bxc5 8.Qc2 Qa5
9.Nd2 Bb4 10.Bd3 Nbd7 11.O-O h6 12.Nb3 Qd8 13.Rfd1 a6 14.cxd5 exd5 15.a3 Bxc3
16.Qxc3 Qe7 17.Rac1 Re8 18.Nd4 Ne5 19.Be2 g5 20.Bxe5 Qxe5 21.Qc7 Qxc7 22.Rxc7 Rb8
23.Rd3 Bd7 24.Rb3 b5 25.f3 Kf8 26.Kf2 h5 27.Bd3 Red8 28.Bf5 Rb6 29.a4 Bxf5
30.Nxf5 Ne8 31.Ra7 Rf6 32.Nd4 bxa4 33.Rb4 a3 34.bxa3 Nd6 35.Ra4 Ne4+ 36.Kg1 Rc8
37.h4 Nc5 38.hxg5 Rg6 39.Rb4 Rxg5 40.Rb6 Rg6 41.Rxg6 fxg6 42.Kf2 Re8 43.Nc2 Re6
44.Rc7 Nd3+ 45.Ke2 Ne5 46.Nb4 Nc4 47.Nxd5 Nxa3 48.e4 Nb5 49.Rb7 Rc6 50.Nb4 Rd6
51.Ke3 Nc3 52.Ra7 g5 53.e5 Re6 54.Ra8+ Kf7 55.Kd4 Ne2+ 56.Ke4 Ng3+ 57.Kd5 Nf5
58.Ra7+ Re7 59.Rxa6 Ne3+ 60.Ke4 Nxg2 61.Nd5 Re6 62.Ra7+ Kg6 63.Ne7+ Kf7 64.Nf5+ Kf8
65.Nd4 Re7 66.Ra8+ Kf7 67.Ra6 h4 68.Nf5 Re6 69.Nh6+ Ke7 70.Ra7+ Ke8 71.Ng4 Re7
72.Ra8+ Kf7 73.Kf5 Ne1 74.Ra3  1-0

[Event "Czech Christmas"]
[Site "Litomysl CZE"]
[Date "2008.12.30"]
[Round "6"]
[White "Sergeev,Vl"]
[Black "Zeberski,J"]
[Result "1/2-1/2"]
[WhiteElo "2519"]
[BlackElo "2398"]

1.d4 d5 2.c4 e6 3.Nc3 Nf6 4.Nf3 Be7 5.Bf4 O-O 6.e3 Nbd7 7.cxd5 Nxd5 8.Nxd5 exd5
9.Bd3 c5 10.dxc5 Nxc5 11.O-O Bg4 12.Be2 Bf6 13.Ne5 Bxe2 14.Qxe2 Qe7 15.Rac1 Rac8
16.Ng4 Ne6 17.Bg3 d4 18.Nxf6+ Qxf6 19.b3 dxe3 20.Qxe3 b6 21.Be5 Qf5 22.h3 h5
23.Rfd1 Rxc1 24.Rxc1 Rd8 25.Bg3  1/2-1/2

[Event "Czech Christmas"]
[Site "Litomysl CZE"]
[Date "2008.12.30"]
[Round "6"]
[White "Skliba,M"]
[Black "Macicek,Jak"]
[Result "1/2-1/2"]
[WhiteElo "2318"]
[BlackElo "2183"]

1.d4 Nf6 2.Nf3 e6 3.c4 d5 4.Nc3 Be7 5.Bf4 c6 6.e3 Nbd7 7.h3 O-O 8.Qc2 a6
9.Rd1 b5 10.c5 a5 11.a3 Nh5 12.Bh2 f5 13.b4 Ba6 14.Bd3 g6 15.O-O Bf6 16.g4 Ng7
17.Bf4 Re8 18.g5 Be7 19.h4 Bf8 20.Ne5 Nxe5 21.Bxe5 h6 22.gxh6 Nh5 23.f4 Qxh4
24.Qg2 Kh7 25.Rf3 Qe7 26.Rh3 Qf7 27.Kf2 Be7 28.Be2 Nf6 29.Rg3 Rg8 30.Rg1 axb4
31.axb4 Bb7 32.Bxf6 Bxf6 33.Rh3 Ra3 34.Nb1 Rb3 35.Nd2 Rxb4 36.Nf3 Rb2 37.Ng5+ Bxg5
38.Qxg5 b4 39.Kf3 b3 40.Rhh1 Ra8 41.Rb1 Raa2  1/2-1/2

[Event "Open A"]
[Site "Gjovik NOR"]
[Date "2008.12.31"]
[Round "3"]
[White "Sorgjerd,J"]
[Black "Skvortsov,M"]
[Result "1/2-1/2"]
[WhiteElo "2123"]
[BlackElo "2335"]

1.d4 d5 2.Nf3 Nf6 3.c4 e6 4.Nc3 Be7 5.Bf4 O-O 6.e3 c6 7.Bd3 Nbd7 8.Qc2 b6
9.O-O Bb7 10.Ne5 g6 11.Rad1 Nxe5 12.Bxe5 Ng4 13.Bg3 Bh4 14.Bxh4 Qxh4 15.h3 Nh6
16.e4 Rad8 17.Rfe1 dxe4 18.Bxe4 Nf5 19.d5 cxd5 20.cxd5 Bxd5  1/2-1/2

[Event "14th Open"]
[Site "Bosnjaci CRO"]
[Date "2009.01.07"]
[Round "7"]
[White "Martinovic,Sa"]
[Black "Bobanac,M"]
[Result "1-0"]
[WhiteElo "2427"]
[BlackElo "2276"]

1.d4 Nf6 2.c4 e6 3.Nc3 d5 4.Nf3 Be7 5.Bf4 O-O 6.e3 a6 7.c5 Nh5 8.Bd3 f5 9.Be5 Nc6
10.O-O Bd7 11.Rb1 Be8 12.b4 g5 13.h3 g4 14.hxg4 fxg4 15.Nh2 Nxe5 16.dxe5 g3
17.fxg3 Rxf1+ 18.Nxf1 Ng7 19.Qc2 h6 20.Ne2 Bb5 21.Bh7+ Kh8 22.Nf4 Be8 23.Bd3 Bg5
24.Nh2 Bb5 25.Nf3 Bxd3 26.Qxd3 Kg8 27.Nd4 Qd7 28.Rf1 Rf8 29.c6 bxc6 30.Qxa6 Rf5
31.Qxc6 Qe7 32.Nxf5 exf5 33.Qxd5+ Kh7 34.Rc1 h5 35.Qc5 Qd8 36.Qxc7 Qd2 37.Nxh5 Qxe3+
38.Kh2 Bh6 39.Qf7  1-0

[Event "Bela Perenyi Mem"]
[Site "Budapest HUN"]
[Date "2009.01.10"]
[Round "3"]
[White "Zentai,P2"]
[Black "Imre,J1"]
[Result "1-0"]
[WhiteElo "2228"]
[BlackElo "2125"]

1.d4 Nf6 2.c4 e6 3.Nc3 d5 4.Nf3 Be7 5.Bf4 c6 6.e3 O-O 7.Bd3 Nbd7 8.O-O dxc4
9.Bxc4 b5 10.Bb3 b4 11.Na4 Ba6 12.Re1 c5 13.Rc1 Rc8 14.dxc5 Nxc5 15.Nxc5 Qxd1
16.Rexd1 Rxc5 17.Rxc5 Bxc5 18.Ne5 Bb5 19.Nc4 Be7 20.Nd6 Bc6 21.Rc1 Bd5 22.Nc8 Bd8
23.Bd6 Bxb3 24.Bxf8 Kxf8 25.axb3 a5 26.Nd6 Ke7 27.Nb7 Bb6 28.Ra1 Nd7 29.Nxa5 Nc5
30.Nc6+ Kd6 31.Nxb4 Nxb3 32.Ra8  1-0

[Event "TCh-HUN 2008-9"]
[Site "Budapest HUN"]
[Date "2009.01.11"]
[Round "5"]
[White "Kosic,D"]
[Black "Varga,Cs2"]
[Result "1/2-1/2"]
[WhiteElo "2511"]
[BlackElo "2391"]

1.d4 Nf6 2.Nf3 d5 3.c4 e6 4.Nc3 Be7 5.Bf4 O-O 6.e3 Nbd7 7.c5 c6 8.Bd3 b6
9.b4 a5 10.a3 Ba6 11.O-O Qc8 12.h3 Qb7 13.Qc2 Bxd3 14.Qxd3 axb4 15.axb4 Rxa1
16.Rxa1 Ra8 17.Rb1 Ra3 18.Nd2 Nf8 19.Qc2 N6d7 20.e4 Bf6 21.Be3 e5 22.Ne2 bxc5
23.bxc5 Qa6 24.dxe5 Bxe5 25.Qd1 Rd3 26.Nc1 Ra3 27.exd5 cxd5 28.Nf3 Qg6 29.Nb3 Bc7
30.Rc1 Qe4 31.Nbd4 Ne5 32.Nxe5 Qxe5 33.Nf3 Qe4 34.Ra1 Rxe3  1/2-1/2

[Event "Open A"]
[Site "Prague CZE"]
[Date "2009.01.14"]
[Round "7"]
[White "Trepka,J"]
[Black "Steiner,B"]
[Result "1-0"]
[WhiteElo "2118"]
[BlackElo "2218"]

1.d4 Nf6 2.c4 e6 3.Nf3 d5 4.Nc3 Be7 5.Bf4 O-O 6.e3 c5 7.dxc5 Bxc5 8.Rc1 Nc6
9.Be2 d4 10.exd4 Nxd4 11.O-O Nxe2+ 12.Qxe2 Bd7 13.Rfd1 Qc8 14.Ng5 Bc6 15.Be5 Be7
16.Qd3 Rd8 17.Nd5 Bxd5 18.Bxf6 Bxf6 19.Qxh7+ Kf8 20.cxd5 Rxd5 21.Rxc8+ Rxc8
22.Rf1 Ke7 23.Nf3 g6 24.Qh6 g5 25.Qh3 Rc4 26.Ne1 Rc1 27.Qa3+ Ke8 28.Nd3 Rc4
29.Nc1 b5 30.b3 Rc2 31.Qb4 Bb2 32.Nd3 Rxd3 33.Qxb5+ Rd7 34.Rd1 Rc7 35.g3 f6
36.Rxd7 Rxd7 37.h4 gxh4 38.gxh4 Bd4 39.h5 Ke7 40.h6 Kd6 41.Qd3 Kd5 42.h7 Rd8
43.Qc4+ Ke4 44.Qxe6+ Kf3 45.Qh3+  1-0

[Event "ch-AZE"]
[Site "Baku AZE"]
[Date "2009.01.15"]
[Round "3"]
[White "Ibrahimov,R"]
[Black "Guliev,L"]
[Result "1/2-1/2"]
[WhiteElo "2568"]
[BlackElo "2470"]

1.Nf3 Nf6 2.c4 e6 3.Nc3 d5 4.d4 Be7 5.Bf4 O-O 6.e3 Nbd7 7.a3 dxc4 8.Bxc4 Nb6
9.Bd3 Nbd5 10.Be5 b6 11.Nxd5 exd5 12.Qc2 c5 13.dxc5 bxc5 14.O-O h6 15.Bxf6 Bxf6
16.Qxc5 Bxb2 17.Rab1 Bf6 18.Rfd1 Be7 19.Qc3 Bg4 20.Be2 Bf5 21.Bd3 Rc8 22.Qd4 Bc5
23.Qf4 Be6 24.a4 Bd6 25.Qd4 Qa5 26.h3 Rc3 27.Rb7 Rc7 28.Rb5 Qc3 29.Qxc3 Rxc3
30.Nd4 Rfc8 31.g4 Bd7 32.Ra5 Bc5 33.Bf5 Bb6 34.Rxd5 Bxa4 35.Ra1 Rc1+ 36.Rxc1 Rxc1+
37.Kg2 Rc5 38.Rd6 Bc7 39.Ra6 Ra5 40.Bd3 Kf8 41.f4 Rxa6 42.Bxa6 Bb6 43.Nf5 g6
44.Nxh6 Bxe3 45.Kf3 Bd4 46.g5 Bc6+ 47.Kg3 Bd5 48.h4 Bc3 49.f5 Be1+ 50.Kg4 Bb3
51.fxg6 fxg6 52.Kf4 Bxh4 53.Ng4 Be1 54.Bd3 Bd2+ 55.Kf3 a5 56.Ne5 a4 57.Bb1 a3
58.Nxg6+ Kg7 59.Nf4 a2 60.Bxa2 Bxa2 61.Ke4 Bb1+ 62.Kf3 Bf5 63.Kg3 Be1+ 64.Kf3 Ba5
65.Ke3 Bd8 66.Kd4 Be7 67.Nd5 Bd6 68.Ne3 Be6 69.Nc4 Bf4 70.Ne5 Bxg5 71.Nf3 Bf6+
72.Ke4 Kf7 73.Nd4 Bc4 74.Nc6 Ke6 75.Nd4+ Kd6 76.Nf5+ Kc5 77.Ne3 Ba2 78.Nf5 Bb1+
79.Kf4 Bb2 80.Ne7 Kd6 81.Nf5+ Ke6 82.Ne3 Bc1 83.Kf3 Ba2 84.Ke4 Bb1+ 85.Kd4 Bb2+
86.Kc5 Be5 87.Ng4 Bb8 88.Kc4 Ba7 89.Nh2 Be4 90.Nf1 Ke5 91.Nd2 Bf5 92.Nf3+ Ke4
93.Nd2+ Ke3 94.Nf1+ Kf2 95.Nd2 Ke2 96.Kc3 Bf2 97.Nc4 Be6 98.Ne5 Bh4 99.Kd4 Bg8
100.Ke4 Bh7+ 101.Kd4 Bg5 102.Nc4 Bf6+ 103.Ne5 Kd2 104.Kd5 Bf5 105.Kd4 Be6
106.Ke4 Kc3 107.Nc6 Kc4 108.Ne5+ Kc5 109.Nd3+ Kd6 110.Nf4 Bb3 111.Nd3 Bc2
112.Ke3 Bg7 113.Ke4 Bb2 114.Ke3 Ba3 115.Kd4  1/2-1/2

[Event "4NCL 2008-9"]
[Site "Sunningdale ENG"]
[Date "2009.01.17"]
[Round "5"]
[White "Duncan,C"]
[Black "Taylor,Pe"]
[Result "1-0"]
[WhiteElo "2323"]
[BlackElo "2252"]

1.Nf3 Nf6 2.c4 e6 3.Nc3 d5 4.d4 Be7 5.Bf4 O-O 6.e3 Nbd7 7.Bd3 c5 8.cxd5 Nxd5
9.Nxd5 exd5 10.O-O cxd4 11.exd4 Nf6 12.Qb3 Nh5 13.Be3 Rb8 14.Rac1 Be6 15.Rfe1 h6
16.Bd2 Bd6 17.Bb4 Bxb4 18.Qxb4 Nf4 19.Qd2 Qf6 20.Rc7 Rfc8 21.Rec1 Rxc7 22.Rxc7 Rc8
23.Rxc8+ Bxc8 24.Qe3 Be6 25.Bf1 g5 26.Ne5 Bf5 27.g3 Ng6 28.Bg2 Nxe5 29.dxe5 Qc6
30.h3 b6 31.Kh2 Be4 32.f3 Bb1 33.f4 gxf4 34.gxf4 Be4 35.Bxe4 dxe4 36.Kg3 Qd5
37.Qc3 Kh7 38.f5 Qxa2 39.Kf4 Qd5 40.Qc7 Kg8 41.Qb8+ Kh7 42.Qd6 Qc4 43.e6 fxe6
44.Qe7+ Kh8 45.Qe8+ Kg7 46.Qg6+ Kf8 47.Qxh6+ Ke7 48.Qxe6+ Qxe6 49.fxe6 Kxe6
50.Kxe4 Kd6 51.Kd4 a5 52.Kc4 Kc6 53.h4 b5+ 54.Kd4 a4 55.h5 b4 56.Kc4 a3 57.bxa3 bxa3
58.Kb3  1-0

[Event "4NCL 2008-9"]
[Site "Sunningdale ENG"]
[Date "2009.01.18"]
[Round "6"]
[White "Auckland,E"]
[Black "Smith,O"]
[Result "0-1"]
[WhiteElo "2014"]
[BlackElo "1996"]

1.d4 Nf6 2.Nf3 d5 3.c4 e6 4.Nc3 Be7 5.Bf4 c6 6.e3 Nbd7 7.h3 O-O 8.c5 Ne4
9.Rc1 f5 10.Nd2 e5 11.Bh2 Bh4 12.g3 Bf6 13.Bg2 exd4 14.Ndxe4 fxe4 15.exd4 Bg5
16.Rc2 e3 17.f4 Bf6 18.Re2 Re8 19.Qd3 b6 20.Rxe3 Ba6 21.Qd2 bxc5 22.Nxd5 cxd4
23.Rxe8+ Qxe8+ 24.Kd1 cxd5 25.Bxd5+ Kh8 26.Bxa8 Qxa8 27.Re1 Nb6 28.Bg1 d3
29.Bxb6 axb6 30.Qe3 Bb5 31.Qxb6 Qf3+ 32.Kc1 d2+ 33.Kxd2 Qg2+ 34.Ke3 Qxg3+
35.Kd2 Qxf4+ 36.Kd1 Bg5 37.Re3  0-1

[Event "68th ch-GEO"]
[Site "Tbilisi GEO"]
[Date "2009.01.19"]
[Round "3"]
[White "Mchedlishvili,M"]
[Black "Nigalidze,G"]
[Result "1/2-1/2"]
[WhiteElo "2619"]
[BlackElo "2458"]

1.d4 d5 2.c4 e6 3.Nf3 Nf6 4.Nc3 Be7 5.Bf4 O-O 6.e3 c6 7.Bd3 Nbd7 8.O-O Nh5
9.Qc2 Nxf4 10.exf4 dxc4 11.Bxc4 b6 12.Rfe1 g6 13.Rad1 Bb7 14.g3 Qc7 15.Ng5 Nf6
16.Qb3 Kh8 17.h4 Rad8 18.Nce4 h6 19.Nxf6 Bxf6 20.Nf3 c5 21.dxc5 Qc6 22.Be2 bxc5
23.Kg2 Ba8 24.Qc2 Kg7 25.Rxd8 Rxd8 26.Rc1 Qb7 27.b3 Rd5 28.Qc4 g5 29.hxg5 hxg5
30.fxg5 Bd4 31.Qa6 Qb8 32.g6 fxg6 33.Qxe6 Rf5 34.Qe7+ Rf7 35.Qh4 Qh8 36.Qxh8+ Kxh8
37.b4 g5 38.g4 Bxf3+ 39.Bxf3 cxb4  1/2-1/2

[Event "IMB"]
[Site "Marianske Lazne CZE"]
[Date "2009.01.20"]
[Round "5"]
[White "Plischki,S"]
[Black "Oparin,G"]
[Result "0-1"]
[WhiteElo "2418"]
[BlackElo "2189"]

1.d4 d5 2.c4 e6 3.Nc3 Be7 4.Nf3 Nf6 5.Bf4 O-O 6.e3 c5 7.dxc5 Bxc5 8.Qc2 Qa5
9.a3 Nc6 10.Ra2 Qd8 11.b4 Bd6 12.Bg3 a5 13.b5 Ne7 14.Bd3 dxc4 15.Bxc4 b6
16.Qb3 Bxg3 17.hxg3 Bb7 18.Rc2 Rc8 19.O-O Ned5 20.Nxd5 Nxd5 21.Rfc1 Nf6 22.Nd4 Rc5
23.f3 Qd6 24.g4 h5 25.g5 Rxg5 26.Bxe6 Qg3 27.e4 a4 28.Qa2 Bxe4 29.Rc8 Rxc8
30.Rxc8+ Kh7 31.fxe4 fxe6 32.Qf2 Qxf2+ 33.Kxf2 Nxe4+ 34.Kf3 Nd6 35.Rb8 Nxb5
36.Nxe6 Rf5+ 37.Kg3 Nxa3 38.Rxb6 Rf6 39.Ra6 Nb5 40.Kh4 Kh6 41.Ra5 Rxe6 42.Rxb5 Re4+
43.Kg3 Rg4+ 44.Kf3 g6 45.Rb7 Kg5 46.Rg7 Rb4 47.Kg3 Rb3+ 48.Kh2 a3 49.Ra7 h4
50.Ra4 Kh5 51.Ra5+ g5 52.Ra4 Rg3  0-1

[Event "Queenstown Classic"]
[Site "Queenstown NZL"]
[Date "2009.01.24"]
[Round "10"]
[White "Caron,D"]
[Black "Charmova,E"]
[Result "1-0"]
[WhiteElo "1914"]
[BlackElo "1981"]

1.d4 d5 2.c4 e6 3.Nc3 Nf6 4.Nf3 Be7 5.Bf4 Nh5 6.Bg3 Nxg3 7.hxg3 b6 8.cxd5 exd5
9.Qc2 h6 10.e4 dxe4 11.Qxe4 c6 12.Ne5 Bb7 13.Bc4 O-O 14.Rxh6 gxh6 15.Qg6+ Kh8
16.Qxh6+ Kg8 17.Bd3 f5 18.Bc4+  1-0

[Event "68th ch-GEO"]
[Site "Tbilisi GEO"]
[Date "2009.01.24"]
[Round "7"]
[White "Magalashvili,Da"]
[Black "Nigalidze,G"]
[Result "1-0"]
[WhiteElo "2490"]
[BlackElo "2458"]

1.d4 d5 2.c4 e6 3.Nc3 Be7 4.Nf3 Nf6 5.Bf4 O-O 6.e3 Nbd7 7.a3 c6 8.h3 b6 9.Bd3 Bb7
10.O-O dxc4 11.Bxc4 Nd5 12.Nxd5 cxd5 13.Bd3 Nf6 14.Qe2 a6 15.Rac1 Bd6 16.Ne5 Qe7
17.Bg5 h6 18.Bxf6 gxf6 19.Qg4+ Kh8 20.Qh4 Kg7 21.Ng4 h5 22.Nh2 Rh8 23.f4 Kf8
24.Nf3 Ke8 25.f5 exf5 26.Rce1 Kf8 27.Bxf5 Re8 28.Nd2 Bc7 29.Rf3 Qd6 30.Nf1 Rh6
31.Bd3 Ke7 32.Ng3 Kd7 33.Bf5+ Kd8 34.Rc1 Rg8 35.Nf1 Rg5 36.Rf2 Rh8 37.Rc3 Rhg8
38.Kh1 a5 39.Bd3 Bb8 40.Rfc2 Re8 41.Qf2 Re7 42.Qf3 Rc7 43.Rf2 Ke7 44.e4 dxe4
45.Bxe4 Ba6 46.Bd3 Rxc3 47.bxc3 Bxd3 48.Qxd3 Re5 49.Qd1 h4 50.Rf4 Rg5 51.Rxh4 Qxa3
52.Qe2+ Kd6 53.Qe8  1-0

[Event "7th Gibtelecom Masters"]
[Site "Caleta ENG"]
[Date "2009.01.28"]
[Round "2"]
[White "Hauchard,A"]
[Black "Berkes,F"]
[Result "1/2-1/2"]
[WhiteElo "2497"]
[BlackElo "2651"]

1.Nf3 Nf6 2.c4 e6 3.Nc3 d5 4.d4 Be7 5.Bf4 O-O 6.e3 Nbd7 7.h3 c5 8.cxd5 Nxd5
9.Nxd5 exd5 10.Be2 cxd4 11.exd4 Qa5+ 12.Bd2 Qb6 13.Qb3 Qxb3 14.axb3 Nf6 15.O-O Ne4
16.Be3 f5 17.Bf4 g5 18.Be5 g4 19.hxg4 fxg4 20.Nh2 h5 21.Ra5 Be6 22.f3 b6
23.Ra6 Nd2 24.Rfa1 Bg5 25.fxg4 Ne4 26.Nf1 hxg4 27.Rxa7 Rxa7 28.Rxa7 Bf6 29.Bxf6 Rxf6
30.b4 Rf2 31.Ng3 Rf4 32.Nh5 Rf2 33.Ng3 Rf4 34.Nh5 Rf2  1/2-1/2

[Event "1st Open"]
[Site "Gurgon IND"]
[Date "2009.01.29"]
[Round "10"]
[White "Kunte,A"]
[Black "Maheswaran,P"]
[Result "1/2-1/2"]
[WhiteElo "2527"]
[BlackElo "2297"]

1.d4 Nf6 2.Nf3 e6 3.c4 d5 4.Nc3 Be7 5.Bf4 O-O 6.e3 Nbd7 7.a3 c5 8.cxd5 Nxd5
9.Nxd5 exd5 10.dxc5 Nxc5 11.Be5 Bg4 12.Be2 Bxf3 13.Bxf3 Bf6 14.Bxf6 Qxf6
15.Rb1 Rad8 16.O-O d4 17.Qc2 b6 18.exd4 Rxd4 19.Rbd1 Rfd8 20.Rxd4 Rxd4 21.Rd1 g6  1/2-1/2

[Event "7th Gibtelecom Masters"]
[Site "Caleta ENG"]
[Date "2009.01.31"]
[Round "5"]
[White "Osuna Vega,E"]
[Black "Benson,O"]
[Result "1-0"]
[WhiteElo "2130"]
[BlackElo "1957"]

1.d4 Nf6 2.Nf3 d5 3.c4 e6 4.Nc3 Be7 5.Bf4 O-O 6.e3 b6 7.Rc1 Ba6 8.Qa4 Nh5
9.Be5 f6 10.Bg3 Nxg3 11.hxg3 g6 12.cxd5 Bxf1 13.Kxf1 exd5 14.Qb3 c6 15.e4 Kg7
16.exd5 cxd5 17.Nxd5 Bd6 18.Qe3 Rf7 19.Qe6 Na6 20.Rxh7+ Kxh7 21.Qxf7+ Kh6
22.Nxf6  1-0

[Event "Bundesliga 2008-9"]
[Site "Emsdetten GER"]
[Date "2009.01.31"]
[Round "10"]
[White "Cyborowski,L"]
[Black "Meier,Geo"]
[Result "1/2-1/2"]
[WhiteElo "2504"]
[BlackElo "2558"]

1.Nf3 Nf6 2.c4 e6 3.Nc3 d5 4.d4 Be7 5.Bf4 O-O 6.e3 c5 7.dxc5 Bxc5 8.a3 Nc6
9.Rc1 d4 10.exd4 Nxd4 11.Ne5 Nd7 12.Nd3 b6 13.b4 Be7 14.Be2 Bb7 15.O-O Bg5
16.f3 Rc8 17.Nb5 Nxb5 18.cxb5 Bxf4 19.Nxf4 Nf6 20.Qxd8 Rfxd8 21.Nd3 Nd5 22.Kf2 f6
23.Rfe1 e5 24.Bf1 Nc7 25.a4 Ne6 26.a5 Kf7 27.Kg3 Nd4 28.Nb2 Bd5 29.axb6 axb6
30.Na4 Rb8 31.Rc7+ Kf8 32.Nc3 Bf7 33.Ra1 Ne6 34.Rca7 Nd4 35.Rc7 Ne6 36.Rca7 Nf4
37.Rc7 Ne6  1/2-1/2

[Event "Open A"]
[Site "Moscow RUS"]
[Date "2009.02.03"]
[Round "4"]
[White "Sargissian,G"]
[Black "Ulko,J"]
[Result "1-0"]
[WhiteElo "2678"]
[BlackElo "2501"]

1.d4 Nf6 2.c4 e6 3.Nf3 d5 4.Nc3 Be7 5.Bf4 O-O 6.a3 c5 7.dxc5 Bxc5 8.e3 dxc4
9.Bxc4 a6 10.Bd3 Nbd7 11.O-O Re8 12.Rc1 h6 13.h3 Bb6 14.Bb1 a5 15.Nb5 Nd5
16.Bg3 Qf6 17.Qc2 g6 18.Rfe1 e5 19.Red1 e4 20.Rxd5 exf3 21.Nd6 Qe6 22.Nxe8 Qxd5
23.Nd6 Qg5 24.h4 Qg4 25.Qc4 Ne5 26.Qxg4  1-0

[Event "80th ch-GER"]
[Site "Saarbruecken GER"]
[Date "2009.02.10"]
[Round "5"]
[White "Jorczik,J"]
[Black "Oberhofer,A"]
[Result "0-1"]
[WhiteElo "2381"]
[BlackElo "2202"]

1.d4 d5 2.c4 e6 3.Nc3 Nf6 4.Nf3 Be7 5.Bf4 O-O 6.e3 c6 7.h3 Nbd7 8.a3 b6 9.cxd5 exd5
10.Bd3 Bb7 11.O-O Re8 12.b4 a5 13.Qb3 Bf8 14.Rab1 axb4 15.axb4 b5 16.Rfe1 h6
17.e4 dxe4 18.Nxe4 Nxe4 19.Bxe4 Ra4 20.Bd2 Nf6 21.Bc2 Bc8 22.Qd3 Ra6 23.Rxe8 Qxe8
24.Bf4 g6 25.Qd2 Ra2 26.Re1 Qd8 27.Re2 Bf5 28.Qd1 Nd5 29.Bxf5 Nc3 30.Rxa2 Nxd1
31.Bc2 Nc3  0-1

[Event "TCh-FIN"]
[Site "Finland FIN"]
[Date "2009.02.14"]
[Round "6"]
[White "Nyback,T"]
[Black "Solozhenkin,E"]
[Result "1/2-1/2"]
[WhiteElo "2639"]
[BlackElo "2511"]

1.d4 Nf6 2.c4 e6 3.Nf3 d5 4.Nc3 Be7 5.Bf4 O-O 6.e3 c5 7.dxc5 Bxc5 8.cxd5 Nxd5
9.Nxd5 exd5 10.Bd3 Bb4+ 11.Nd2 Nc6 12.O-O Be7 13.Rc1 Bf6 14.Qb3 Qb6 15.Qxd5 Nb4
16.Qe4 Nxd3 17.Qxd3 Rd8 18.Qc2 Qxb2 19.Ne4 Qxc2 20.Nxf6+ gxf6 21.Rxc2 Be6
22.Rfc1  1/2-1/2

[Event "80th ch-GER"]
[Site "Saarbruecken GER"]
[Date "2009.02.14"]
[Round "9"]
[White "Jorczik,J"]
[Black "Hundack,R"]
[Result "1-0"]
[WhiteElo "2381"]
[BlackElo "2139"]

1.d4 Nf6 2.c4 e6 3.Nf3 d5 4.Nc3 Be7 5.Bf4 O-O 6.e3 Nbd7 7.a3 c6 8.h3 Re8
9.Bd3 dxc4 10.Bxc4 Nd5 11.Bh2 Nxc3 12.bxc3 Bf6 13.O-O Qe7 14.a4 e5 15.Qb3 e4
16.Nd2 Nb6 17.Be2 Be6 18.Qb2 Bf5 19.Rfb1 Bg5 20.Qb3 Qf6 21.a5 Nd5 22.c4 Ne7
23.Qxb7 Qh6 24.Nf1 Rad8 25.Qxa7 Ng6 26.Rb7 Rf8 27.Rab1 Bxh3 28.gxh3 Qxh3
29.Bg3 Rd6 30.Qc5 Nh4 31.Bxh4 Rh6 32.Rb8 Be7 33.Rxf8+  1-0

[Event "Winter Open"]
[Site "Stillwater USA"]
[Date "2009.02.14"]
[Round "2"]
[White "Yermolinsky,A"]
[Black "Glascock,D"]
[Result "1-0"]
[WhiteElo "2518"]
[BlackElo "1953"]

1.d4 d5 2.c4 e6 3.Nf3 Nf6 4.Nc3 Be7 5.Bf4 O-O 6.e3 Bd7 7.Rc1 dxc4 8.Bxc4 c5
9.dxc5 Bxc5 10.O-O a6 11.Qe2 b5 12.Bd3 Qb6 13.Ne4 Be7 14.Bc7 Qb7 15.Nd6 Bxd6
16.Bxd6 Rc8 17.e4 h6 18.e5 Nd5 19.Qe4 g6 20.Qh4 Kg7 21.Be4 Bc6 22.Nd4 a5
23.Qg3 Qd7 24.h4 h5 25.Qg5 Nb4 26.Bb1 Nd5 27.Rfd1 Na6 28.Be4 Bb7 29.g4 Rh8
30.Nf5+ exf5 31.gxf5 Nf4 32.Qxf4 Kh7 33.e6 fxe6 34.fxg6+ Kg8 35.Be5 Bd5 36.Qf6 Rh6
37.Rxd5  1-0

[Event "2nd Pfalz Open"]
[Site "Neustadt an der Weinstrasse GER"]
[Date "2009.02.18"]
[Round "5"]
[White "Drozdovskij,Y"]
[Black "Podgaets,M"]
[Result "1-0"]
[WhiteElo "2607"]
[BlackElo "2465"]

1.Nf3 Nf6 2.c4 e6 3.Nc3 d5 4.d4 Be7 5.Bf4 O-O 6.e3 Nbd7 7.a3 Nh5 8.Be5 c6
9.Bd3 g6 10.O-O Nxe5 11.Nxe5 Nf6 12.Qe2 c5 13.Rfd1 a6 14.Rac1 cxd4 15.exd4 dxc4
16.Bxc4 b5 17.Ba2 Bb7 18.d5 exd5 19.Nxd5 Bd6 20.Nxf6+ Qxf6 21.Ng4 Qe7 22.Qxe7 Bxe7
23.Rc7 Rad8 24.Rxd8 Rxd8 25.Ne3  1-0

[Event "2nd Pfalz Open"]
[Site "Neustadt an der Weinstrasse GER"]
[Date "2009.02.20"]
[Round "7"]
[White "Kempinski,R"]
[Black "Rau,H"]
[Result "1-0"]
[WhiteElo "2584"]
[BlackElo "2429"]

1.d4 d5 2.Nf3 Nf6 3.c4 e6 4.Nc3 Be7 5.Bf4 O-O 6.e3 Nbd7 7.c5 Nh5 8.Bd3 Nxf4
9.exf4 c6 10.Qc2 h6 11.O-O Qc7 12.g3 b6 13.b4 a5 14.a3 axb4 15.axb4 Bb7 16.Qe2 Rfe8
17.Rfb1 Bf8 18.Bc2 g6 19.h4 h5 20.Rxa8 Rxa8 21.Ng5 Nf6 22.cxb6 Qd6 23.Na4 Ba6
24.Qe1 Rb8 25.Rb2 Bg7 26.Nc5 Rxb6 27.Ra2 Bc8 28.Ra8 Rb8 29.Qa1 Nd7 30.Qa5 Rxa8
31.Qxa8 Qc7 32.Nf3 Nxc5 33.dxc5 Bc3 34.Qa3 Bf6 35.Ne5 Bxe5 36.fxe5 Qxe5 37.Qa8 Kg7
38.Qxc8 Qc3 39.Bxg6 fxg6 40.Qxe6 d4 41.Qxc6 d3 42.Qd7+ Kh6 43.c6 Qe1+ 44.Kg2 d2
45.c7 Qe4+ 46.Kh2 Qe2 47.Qd4  1-0

[Event "Masters"]
[Site "Bunratty IRL"]
[Date "2009.02.21"]
[Round "4"]
[White "Pein,M"]
[Black "Short,P"]
[Result "1-0"]
[WhiteElo "2391"]
[BlackElo "2309"]

1.Nf3 Nf6 2.c4 e6 3.d4 d5 4.Nc3 Be7 5.Bf4 O-O 6.e3 b6 7.Qc2 c5 8.Rd1 Nc6
9.cxd5 exd5 10.Be2 Be6 11.O-O Qc8 12.Ne5 cxd4 13.exd4 Nxe5 14.Bxe5 Ne4 15.Bd3 f6
16.Bf4 g5 17.Bxe4 dxe4 18.Qxe4 gxf4 19.Rfe1 Bg4 20.f3 Bb4 21.fxg4 Qxg4 22.Rf1 Bxc3
23.bxc3 Rac8 24.Rd3 Rce8 25.Rg3 Rxe4 26.Rxg4+ Kf7 27.Rgxf4 Rxf4 28.Rxf4 Ke6
29.Kf2 Rc8 30.Rf3 b5 31.Rh3 b4 32.cxb4 Rc2+ 33.Kf3  1-0

[Event "69th Noteboom Mem GpA"]
[Site "Leiden NED"]
[Date "2009.02.21"]
[Round "3"]
[White "Roobol,M"]
[Black "Blom,V"]
[Result "1-0"]
[WhiteElo "2329"]
[BlackElo "2071"]

1.d4 Nf6 2.c4 e6 3.Nf3 d5 4.Nc3 Be7 5.Bf4 O-O 6.e3 c6 7.Bd3 Nbd7 8.h3 b6
9.O-O Bb7 10.cxd5 exd5 11.Rc1 c5 12.Qc2 c4 13.Be2 a6 14.a4 Bc6 15.Ne5 Qc8
16.e4 Nxe5 17.dxe5 Nxe4 18.Nxe4 dxe4 19.Qxc4 Bb7 20.Be3 Qxc4 21.Rxc4 Bd5
22.Rc7 Bd8 23.Rc3 Re8 24.Rd1 Rxe5 25.Bxa6 Be6 26.Bb7  1-0

[Event "TCh-HUN 2008-9"]
[Site "Budapest HUN"]
[Date "2009.02.22"]
[Round "8"]
[White "Stohl,I"]
[Black "Izsak,Gyu"]
[Result "1/2-1/2"]
[WhiteElo "2531"]
[BlackElo "2434"]

1.d4 Nf6 2.c4 e6 3.Nc3 d5 4.Nf3 Be7 5.Bf4 O-O 6.e3 Nbd7 7.a3 c6 8.h3 b6 9.cxd5 Nxd5
10.Nxd5 exd5 11.Bd3 Bb7 12.O-O c5 13.b3 Re8 14.Qc2 g6 15.Rfd1 a6 16.Ne5 Nxe5
17.Bxe5 Bd6 18.Bxd6 Qxd6 19.Qb2 Rac8 20.Rac1 Re7 21.Be2 Rec7 22.dxc5 bxc5
23.Bf3 Rd8 24.b4 c4 25.Rd4 Qb6 26.Qd2 Rdd7 27.e4 c3 28.Rxc3 Rxc3 29.Qxc3 Rc7
30.Qb2 Rc4 31.Rxc4 dxc4 32.Qc3 Qe6 33.Qd4 Qc8 34.Bd1 c3 35.Bc2 Qc7 36.Kf1 Qf4
37.Qe3 Qe5 38.Ke1 a5 39.Qc5 Qf4 40.Qe3 Qe5 41.f4 Qc7 42.g3 axb4 43.axb4 Qc8
44.h4 Ba6 45.Qc5 Qg4 46.Qe3 Qc8 47.Qc5 Qg4 48.Qe3  1/2-1/2

[Event "Aeroflot Open"]
[Site "Moscow RUS"]
[Date "2009.02.22"]
[Round "6"]
[White "Potkin,V"]
[Black "Grachev,B"]
[Result "1-0"]
[WhiteElo "2613"]
[BlackElo "2655"]

1.d4 d5 2.c4 e6 3.Nc3 Be7 4.Nf3 Nf6 5.Bf4 O-O 6.e3 c5 7.dxc5 Bxc5 8.cxd5 Nxd5
9.Nxd5 exd5 10.a3 Nc6 11.Bd3 Bb6 12.O-O Qf6 13.b4 Bf5 14.Bxf5 Qxf5 15.b5 Na5
16.Be5 Rfd8 17.Bd4 Rac8 18.Bxb6 axb6 19.Nd4 Qe4 20.Qe2 h6 21.h3 Rc3 22.Rfd1 Nc4
23.a4 Ne5 24.Qh5 Nd3 25.Ra2 Rd6 26.Ne2 Rc5 27.Ng3 Qb4 28.Rad2 Nb2 29.Rd4 Rc4
30.R1d2 Rc1+ 31.Kh2 Nc4 32.Rd1 Rxd1 33.Qxd1 Rf6 34.Rxd5 Rd6 35.Nf5 Nb2 36.Qf3 Rf6
37.Qg3 Rg6 38.Qe5 Kh7 39.Rd8 Rf6 40.e4 Qc5 41.Qe8 Rxf5 42.exf5 Qxf5 43.Qg8+ Kg6
44.Rd6+ f6 45.Qe8+ Kh7 46.Rd4 Qxf2 47.Rg4 Qf5 48.Qe7 Qe5+ 49.Qxe5 fxe5 50.Kg3 g5
51.Kf3 Kg6 52.Ke4  1-0

[Event "2nd Pfalz Open"]
[Site "Neustadt an der Weinstrasse GER"]
[Date "2009.02.22"]
[Round "9"]
[White "Rau,H"]
[Black "Graf,A"]
[Result "1-0"]
[WhiteElo "2429"]
[BlackElo "2643"]

1.d4 d5 2.c4 e6 3.Nc3 Be7 4.Nf3 Nf6 5.Bf4 O-O 6.e3 c5 7.dxc5 Bxc5 8.a3 Nc6
9.Be2 dxc4 10.Bxc4 Nh5 11.Ne4 Nxf4 12.Qxd8 Rxd8 13.Nxc5 Na5 14.Ba2 b6 15.exf4 bxc5
16.O-O Bb7 17.Ne5 Bd5 18.b4 Nb3 19.Bxb3 Bxb3 20.bxc5 f6 21.Nc6 Rd2 22.Rfc1 Ba4
23.Na5 Rc8 24.Rc3 Rb2 25.Rc4 Be8 26.a4 Kf8 27.h3 Bf7 28.Rc3 Rb4 29.g3 Ke7
30.Kf1 Bg6 31.Ke2 Be4 32.Rb3 Rxb3 33.Nxb3 Bd5 34.Rb1 Kd7 35.Kd3 Rb8 36.Nd2 Rc8
37.Kd4 Kc7 38.Nc4 h5 39.h4 Kc6 40.Nd6 Rd8  1-0